| 000 | 00850cam a2200217 a 4500 | ||
|---|---|---|---|
| 001 | 000001297 | ||
| 005 | 20200929145532.0 | ||
| 008 | 780620s1950 nyu 000 0aeng | ||
| 040 |
_aDO-SdBNP _bspa _cBNPHU |
||
| 082 |
_a973.3092 _bF831a |
||
| 100 | 1 |
_aFranklin, Benjamín, _d1706-1790. _94387 |
|
| 245 | 1 | 4 |
_aThe autobiography of Benjamín Franklin & selections from his other writings / _cintroducción, Henry Steele Commager. |
| 260 |
_aNew York : _bModern Library, _c[1950]. |
||
| 300 |
_axxi, 264 p. ; _c19 cm. |
||
| 490 | 1 |
_aModern library college editions ; _v39 |
|
| 504 | _aBibliografía : p. xiv-xvi. | ||
| 600 | 1 | 0 |
_aFRANKLIN, BENJAMÍN, _d1706-1790 _xAUTOBIOGRAFÍA _94388 |
| 650 | 4 |
_aEstadistas _zEstados Unidos _xBiografía _94389 |
|
| 700 | 1 |
_aCommager, Henry Steele, _eintrod. _94390 |
|
| 830 | 0 |
_aModern library college editions ; _n39 _94391 |
|
| 999 |
_c1236 _d1236 |
||